Generating high-performance corporate real estate service. (Record no. 96759)

MARC details
000 -LEADER
fixed length control field 01194cam a2200349 4500
001 - CONTROL NUMBER
control field J87574
008 - FIXED-LENGTH DATA ELEMENTS--GENERAL INFORMATION
fixed length control field 090401t1995 xxu||||| |||| 00| 0 eng d
020 ## - INTERNATIONAL STANDARD BOOK NUMBER
International Standard Book Number 0931566525
035 ## - SYSTEM CONTROL NUMBER
System control number (Sirsi) u81963
041 ## - LANGUAGE CODE
Language code of text/sound track or separate title eng
050 ## - LIBRARY OF CONGRESS CALL NUMBER
Classification number 333.330973
100 ## - MAIN ENTRY--PERSONAL NAME
Personal name Lambert, Sandra
245 ## - TITLE STATEMENT
Title Generating high-performance corporate real estate service.
260 ## - PUBLICATION, DISTRIBUTION, ETC.
Place of publication, distribution, etc. Norcross, GA
Name of publisher, distributor, etc. IDRC
Date of publication, distribution, etc. 1995
300 ## - PHYSICAL DESCRIPTION
Extent xi,163p. ; 28cm.
350 ## - PRICE (NR) (BK AM CF MU VM SE) [OBSOLETE]
Price 55
500 ## - GENERAL NOTE
General note Available from IDRC, 35 Technology Parkway, Suite 150, Norcross GA, 30092-2901, USA.
520 ## - SUMMARY, ETC.
Summary, etc. The second phase of the project Corporate Real Estate 2000, which focuses on how corporate real estate professionals could reposition their units to perform more strategic roles. Includes case studies.
650 ## - SUBJECT ADDED ENTRY--TOPICAL TERM
Topical term or geographic name entry element ASSETS
650 ## - SUBJECT ADDED ENTRY--TOPICAL TERM
Topical term or geographic name entry element COMPANIES
650 ## - SUBJECT ADDED ENTRY--TOPICAL TERM
Topical term or geographic name entry element CORPORATE REAL ESTATE 2000
650 ## - SUBJECT ADDED ENTRY--TOPICAL TERM
Topical term or geographic name entry element CORPORATE REAL ESTATE
650 ## - SUBJECT ADDED ENTRY--TOPICAL TERM
Topical term or geographic name entry element CRE 2000
650 ## - SUBJECT ADDED ENTRY--TOPICAL TERM
Topical term or geographic name entry element Property management
9 (RLIN) 6262
650 ## - SUBJECT ADDED ENTRY--TOPICAL TERM
Topical term or geographic name entry element UNITED STATES
690 ## - LOCAL SUBJECT ADDED ENTRY--TOPICAL TERM (OCLC, RLIN)
Topical term or geographic name as entry element PROPERTY-COMMERCIAL PROPERTY
700 ## - ADDED ENTRY--PERSONAL NAME
Personal name Poteete, Jean
700 ## - ADDED ENTRY--PERSONAL NAME
Personal name Waltch, Alison
710 ## - ADDED ENTRY--CORPORATE NAME
Corporate name or jurisdiction name as entry element International Development Research Council
9 (RLIN) 3549
942 ## - ADDED ENTRY ELEMENTS (KOHA)
Suppress in OPAC 0
948 ## - LOCAL PROCESSING INFORMATION (OCLC); SERIES PART DESIGNATOR (RLIN)
c (OCLC) 10/11/1997
Holdings
Withdrawn status Lost status Source of classification or shelving scheme Damaged status Not for loan Home library Current library Shelving location Date acquired Cost, normal purchase price Total Checkouts Full call number Barcode Date last seen Date last checked out Copy number Cost, replacement price Price effective from Koha item type
    Dewey Decimal Classification     London London Folio 04/02/1998 55.00 9 F333.330973 30054990 06/08/2019 07/01/2003 1 55.00 06/08/2019 Book